000 00505nam a2200181Ia 4500
005 20260415160318.0
008 008 250505s9999 xx 000 0 eng d
037 _aTextual
040 _aFEDL
_beng
_cFEDL
041 _aeng
_2eng
084 _a541.2 AND
_qFEDL
100 _aAndrade E. N. da C.
_9755597
245 0 _aAtom and its energy
260 _aLondon, UK
_bG Bell and Sons Ltd
_c1947
300 _a196p.
942 _cTEXL
_h541.2 AND
999 _c1321562
_d1321562